| 000 | 004390000a22001690004500 | ||
|---|---|---|---|
| 003 | MACL | ||
| 005 | 20160106162200.0 | ||
| 008 | 160106b xxu||||| |||| 00| 0 eng d | ||
| 040 |
_aMACL _cMACL |
||
| 041 | _aEnglish | ||
| 082 | _a900/HAN | ||
| 100 |
_aMumby, Frank A _928923 |
||
| 245 |
_aThe Great World War _bA History vol 3 |
||
| 260 |
_bThe Gresham Publishing Company _aLondon |
||
| 650 |
_aHistory _928924 |
||
| 942 |
_cBK _k900/HAN _2ddc |
||
| 999 |
_c38368 _d38368 |
||